| 000 | 00822nas a2200253 4500 | ||
|---|---|---|---|
| 001 | BR7906682 | ||
| 003 | BR-BrBNA | ||
| 005 | 20231205083959.0 | ||
| 007 | ta | ||
| 008 | 230509b bl.|||p| |||| 00| 00por d | ||
| 040 |
_aBR-BrBNA _bpor _cBiblioteca Nacional de Agricultura |
||
| 041 | _a(Pt) | ||
| 072 | _aH60 | ||
| 100 | 1 | _aCruz, L.S.P. | |
| 100 | 1 | _aOliveira, D.A. | |
| 111 | 1 |
_a27. Reuniao Anual da SBPC _cBelo Horizonte, MG (Brazil) _dJul 1975 |
|
| 245 | 1 | _aEfeito de dinitramine, aplicado em pre-plantio incorporado, em cultura de soja (Glycine max (L.)Merril)[Herbicida] | |
| 650 | _aSOJA | ||
| 650 | _aHERBICIDA | ||
| 650 | _aPRE-PLANTIO | ||
| 773 | 0 |
_tPlanta Daninha (Brazil) _xISSN 0100-8358 _g(Dec 1979), v. 2(2) p. 96-101 _wBR7906682 |
|
| 909 |
_a202311 _bLúcia _c55 _dLúcia Elande |
||
| 942 |
_2AGRIS _n0 _cANA |
||
| 999 |
_c102387 _d102387 |
||